000 00363nam a2200133Ia 4500
008 240624s9999 xx 000 0 und d
041 _aeng
082 _a338.542 GRA
100 _aGRANATO JIM
245 _aROLE OF POLICYMAKERS IN BUSINESS CYCLE F
260 _c2006
_aNew Delhi
_bCambridge University Press
300 _axxvi, 290 p.; 23 cm.
365 _cBPS
_b38
999 _c31236
_d31236